| 000 | 00953nam a2200253 a 4500 | ||
|---|---|---|---|
| 999 |
_c11666 _d11666 |
||
| 001 | 11666 | ||
| 003 | BD-JhCC | ||
| 005 | 20200715123127.0 | ||
| 008 | 200715b2010 bg a|||| ||a| 001 0 mul d | ||
| 020 | _a9843000002860 | ||
| 035 | _a(BD-JhCC)11666 | ||
| 040 |
_aBD-JhCC _dBD-JhCC |
||
| 041 | _amul | ||
| 082 |
_a570.9 _bBAN 2010 |
||
| 245 |
_aবাংলাদেশ উদ্ভিদ ও প্রাণী জ্ঞানকোষ: _bপ্লাটিহেলমিনথিস ও নেমাটোডা / _cসম্পা: মোহাম্মদ সামছুর রহমান । |
||
| 260 |
_aঢাকা: _bবাংলাদেশ এশিয়াটিক সোসাইটি; _c২০১০. |
||
| 300 |
_a335 p. : _bill; _c26 cm. |
||
| 650 | _aBiology | ||
| 650 | _aZoology | ||
| 650 | _aDisctionay | ||
| 700 | _a রহমান , মোহাম্মদ সামছুর | ||
| 942 |
_2ddc _cBK |
||